[Event "18th HZ Open 2014"]
[Site "Vlissingen NED"]
[Date "2014.08.04"]
[Round "4.34"]
[White "Provoost, S."]
[Black "De Vleeschauwer, M."]
[Result "1-0"]
[WhiteElo "2260"]
[BlackElo "1989"]
[PlyCount "69"]
[EventDate "2014.08.02"]
[EventType "swiss"]
[EventRounds "9"]
[EventCountry "NED"]
[Source "Mark Crowther"]
[SourceDate "2014.08.11"]

1. d4 c5 2. c3 Nf6 3. Nf3 e6 4. Bf4 b6 5. e3 Bb7 6. Nbd2 Be7 7. h3 d6 8. Bd3
Nbd7 9. O-O O-O 10. Bh2 Qc7 11. a4 a6 12. Qe2 e5 13. dxe5 Nxe5 14. Nxe5 dxe5
15. Nc4 Bd6 16. Rfd1 Qc6 17. f3 Bc7 18. Nxe5 Qe6 19. Bc4 Qf5 20. e4 Qg5 21. Qd2
Qh4 22. Nd7 Bxh2+ 23. Kxh2 Nxd7 24. Qxd7 Qf4+ 25. Kh1 Bc8 26. Qd6 Qh4 27. Bf1
Be6 28. b4 cxb4 29. cxb4 Rac8 30. Qxb6 Rc2 31. Qe3 Rb2 32. b5 axb5 33. axb5 h6
34. Rab1 Rf2 35. Kg1 1-0

[Event "18th HZ Open 2014"]
[Site "Vlissingen NED"]
[Date "2014.08.04"]
[Round "4.35"]
[White "Ijzermans, Cees"]
[Black "Visser, HJ."]
[Result "0-1"]
[WhiteElo "2009"]
[BlackElo "2256"]
[PlyCount "96"]
[EventDate "2014.08.02"]
[EventType "swiss"]
[EventRounds "9"]
[EventCountry "NED"]
[Source "Mark Crowther"]
[SourceDate "2014.08.11"]

1. e4 c5 2. Ne2 Nf6 3. Nbc3 d6 4. d4 cxd4 5. Nxd4 a6 6. h3 e6 7. g4 b5 8. g5
Nfd7 9. Bg2 Bb7 10. a3 Nb6 11. Qe2 N8d7 12. f4 Rc8 13. Nf5 g6 14. Ne3 Bg7 15.
Bd2 e5 16. f5 Qxg5 17. O-O-O Qd8 18. h4 Nf6 19. Bf3 Bf8 20. Rhg1 Be7 21. Kb1
Qc7 22. Be1 Qb8 23. h5 g5 24. h6 Rg8 25. b3 Rc5 26. Kb2 Qc7 27. Rh1 Kd8 28. Rh2
Kc8 29. Ng4 Nbd7 30. Ne3 Kb8 31. b4 Rxc3 32. Bxc3 Nb6 33. Kb3 g4 34. Nxg4 Nxg4
35. Bxg4 Qc4+ 36. Qxc4 bxc4+ 37. Ka2 Rxg4 38. f6 Bf8 39. Bxe5 Kc7 40. Ba1 Bxe4
41. Bd4 d5 42. Rg1 Rxg1 43. Bxg1 Bd6 44. Rh5 Bxc2 45. Rg5 Bf4 46. Bxb6+ Kxb6
47. Rxd5 c3 48. Rc5 Bd2 0-1

[Event "18th HZ Open 2014"]
[Site "Vlissingen NED"]
[Date "2014.08.04"]
[Round "4.36"]
[White "Colijn, S."]
[Black "Blankert, Willem"]
[Result "1-0"]
[WhiteElo "2254"]
[BlackElo "1987"]
[PlyCount "67"]
[EventDate "2014.08.02"]
[EventType "swiss"]
[EventRounds "9"]
[EventCountry "NED"]
[Source "Mark Crowther"]
[SourceDate "2014.08.11"]

1. g3 e6 2. Bg2 f5 3. Nf3 Nf6 4. O-O d5 5. c4 Bd6 6. d3 O-O 7. Nc3 Nc6 8. e4 d4
9. Nb5 e5 10. Nxd6 cxd6 11. exf5 Bxf5 12. h3 Qd7 13. Kh2 a5 14. a3 h6 15. Nh4
Bh7 16. f4 Ne7 17. fxe5 dxe5 18. Qe2 Rae8 19. Bd2 Qc7 20. Rae1 g5 21. Nf3 Nc6
22. Nxg5 hxg5 23. Bxg5 Qg7 24. Qd2 Nh5 25. Bf3 Bxd3 26. Bxh5 Bxf1 27. Bxe8 Bxc4
28. Bh6 Rf2+ 29. Qxf2 Qxh6 30. Bxc6 bxc6 31. Rxe5 Be6 32. h4 d3 33. Rg5+ Kh8
34. Qd4+ 1-0

[Event "18th HZ Open 2014"]
[Site "Vlissingen NED"]
[Date "2014.08.04"]
[Round "4.37"]
[White "Rebers, E."]
[Black "Van de Griend, J."]
[Result "1-0"]
[WhiteElo "2240"]
[BlackElo "1968"]
[PlyCount "43"]
[EventDate "2014.08.02"]
[EventType "swiss"]
[EventRounds "9"]
[EventCountry "NED"]
[Source "Mark Crowther"]
[SourceDate "2014.08.11"]

1. Nf3 d5 2. c4 c6 3. b3 Nf6 4. Bb2 e6 5. g3 Bd6 6. Bg2 Nbd7 7. d4 O-O 8. O-O
Ne4 9. Nbd2 f5 10. Ne1 Ndf6 11. Nd3 Nxd2 12. Qxd2 Ne4 13. Qc1 Qe8 14. Ba3 Bxa3
15. Qxa3 g5 16. Bxe4 dxe4 17. Ne5 Rf6 18. f3 e3 19. f4 gxf4 20. Rxf4 Qh5 21.
Qe7 Qh6 22. Ng4 1-0

[Event "18th HZ Open 2014"]
[Site "Vlissingen NED"]
[Date "2014.08.04"]
[Round "4.38"]
[White "Van den Berg, Ad"]
[Black "Van Houtte, R."]
[Result "1-0"]
[WhiteElo "2235"]
[BlackElo "1967"]
[PlyCount "79"]
[EventDate "2014.08.02"]
[EventType "swiss"]
[EventRounds "9"]
[EventCountry "NED"]
[Source "Mark Crowther"]
[SourceDate "2014.08.11"]

1. e4 g6 2. d4 Bg7 3. c4 d6 4. Nc3 Nf6 5. Nf3 O-O 6. Be3 c6 7. Be2 Nbd7 8. h3
e5 9. d5 cxd5 10. cxd5 Qa5 11. Nd2 a6 12. O-O b5 13. a3 Bb7 14. b4 Qd8 15. a4
Rc8 16. Qb3 bxa4 17. Nxa4 Qc7 18. Ra2 Nh5 19. g3 f5 20. exf5 Nhf6 21. Nc5 Nxc5
22. bxc5 Bxd5 23. Bc4 Bxc4 24. Nxc4 d5 25. Nb6 Rcd8 26. fxg6 hxg6 27. Rd1 Qf7
28. Rxa6 d4 29. Qxf7+ Rxf7 30. Bg5 Re8 31. Nc4 Ne4 32. Nd6 Nxd6 33. Rxd6 Kh7
34. c6 Bf8 35. Rd7 Kg8 36. Rb1 Rc8 37. Rbb7 Rf5 38. c7 Rxg5 39. g4 e4 40. Rd8
1-0

[Event "18th HZ Open 2014"]
[Site "Vlissingen NED"]
[Date "2014.08.04"]
[Round "4.39"]
[White "Van Rij, G."]
[Black "Roos, Ad"]
[Result "0-1"]
[WhiteElo "2006"]
[BlackElo "2211"]
[PlyCount "80"]
[EventDate "2014.08.02"]
[EventType "swiss"]
[EventRounds "9"]
[EventCountry "NED"]
[Source "Mark Crowther"]
[SourceDate "2014.08.11"]

1. d4 Nf6 2. c4 e6 3. Nf3 b6 4. g3 Ba6 5. Qc2 Bb7 6. Bg2 c5 7. O-O cxd4 8. Nxd4
Bxg2 9. Kxg2 Qc8 10. Bg5 Qb7+ 11. Nf3 Ne4 12. Be3 Be7 13. Nc3 Nxc3 14. Qxc3 O-O
15. Kg1 Nc6 16. Rfd1 Rac8 17. Qd2 Rfd8 18. Rac1 h6 19. Qd3 Qa6 20. Qb1 d6 21.
Kf1 Qb7 22. Kg1 b5 23. cxb5 Qxb5 24. Kf1 Bf6 25. b3 Qb7 26. Kg1 d5 27. Bd4 Nxd4
28. Nxd4 Qa6 29. e3 e5 30. Nf5 Qe6 31. h3 e4 32. Nd4 Qxh3 33. Nc6 Rd7 34. Nb4
Rcd8 35. Nc6 Re8 36. Nb4 d4 37. Rc4 dxe3 38. Rxd7 exf2+ 39. Kxf2 e3+ 40. Ke2
Qg2+ 0-1

[Event "18th HZ Open 2014"]
[Site "Vlissingen NED"]
[Date "2014.08.04"]
[Round "4.40"]
[White "Gutkind, Kedem"]
[Black "Grochal, J."]
[Result "0-1"]
[WhiteElo "2004"]
[BlackElo "2205"]
[PlyCount "80"]
[EventDate "2014.08.02"]
[EventType "swiss"]
[EventRounds "9"]
[EventCountry "NED"]
[Source "Mark Crowther"]
[SourceDate "2014.08.11"]

1. e4 c5 2. Nf3 e6 3. d4 cxd4 4. Nxd4 Nc6 5. Nc3 Qc7 6. Be2 a6 7. Be3 Nf6 8.
O-O Bb4 9. Na4 Be7 10. Nxc6 bxc6 11. Nb6 Rb8 12. Nxc8 Qxc8 13. Bd4 Qc7 14. e5
Nd5 15. c4 Nf4 16. Bf3 c5 17. Bc3 O-O 18. g3 Ng6 19. Re1 f5 20. Qa4 f4 21. Be4
Rf7 22. Rad1 Bg5 23. Qxa6 Rbf8 24. f3 fxg3 25. hxg3 Bh6 26. Kg2 Qd8 27. Rd3 Qg5
28. Bxg6 Qxg6 29. Red1 Bf4 30. Be1 h5 31. Qa5 Bxg3 32. Bxg3 h4 33. Qe1 Rf5 34.
Kh1 hxg3 35. Kg2 Rh5 36. f4 Rh2+ 37. Kg1 Qh5 38. Qe4 g2 39. R1d2 Rh1+ 40. Kxg2
Qh2+ 0-1

[Event "18th HZ Open 2014"]
[Site "Vlissingen NED"]
[Date "2014.08.04"]
[Round "4.41"]
[White "Senders, Justin"]
[Black "Van Osch, Mees"]
[Result "0-1"]
[WhiteElo "1994"]
[BlackElo "2200"]
[PlyCount "54"]
[EventDate "2014.08.02"]
[EventType "swiss"]
[EventRounds "9"]
[EventCountry "NED"]
[Source "Mark Crowther"]
[SourceDate "2014.08.11"]

1. e4 c5 2. Nf3 d6 3. d4 cxd4 4. Nxd4 Nf6 5. Nc3 Nc6 6. Bg5 Qb6 7. Nb3 e6 8.
Qd2 Be7 9. f3 a6 10. O-O-O O-O 11. g4 Qc7 12. Be3 b5 13. g5 Nd7 14. f4 Nb6 15.
Qf2 Rb8 16. f5 b4 17. Nb1 exf5 18. exf5 Re8 19. g6 fxg6 20. fxg6 Ne5 21. gxh7+
Kh8 22. Qg3 Bf6 23. Bg5 Bg4 24. Bxf6 Bxd1 25. Kxd1 gxf6 26. Qf4 Nd5 27. Qe4 Ng4
0-1

[Event "18th HZ Open 2014"]
[Site "Vlissingen NED"]
[Date "2014.08.04"]
[Round "4.42"]
[White "Dijkhuis, Sven"]
[Black "Maris, Iv"]
[Result "1-0"]
[WhiteElo "1985"]
[BlackElo "2178"]
[PlyCount "41"]
[EventDate "2014.08.02"]
[EventType "swiss"]
[EventRounds "9"]
[EventCountry "NED"]
[Source "Mark Crowther"]
[SourceDate "2014.08.11"]

1. e4 c5 2. Nf3 Nc6 3. Nc3 d6 4. d4 cxd4 5. Nxd4 e6 6. Be2 a6 7. Be3 Nge7 8.
O-O Nxd4 9. Bxd4 Nc6 10. f4 Be7 11. Bxg7 Qb6+ 12. Kh1 Rg8 13. Bh6 Rg6 14. Bg5
Bxg5 15. fxg5 Ne5 16. Qd2 Bd7 17. a4 Qd8 18. Rf6 Rxf6 19. gxf6 Qxf6 20. Qxd6
O-O-O 21. Nd5 1-0

[Event "18th HZ Open 2014"]
[Site "Vlissingen NED"]
[Date "2014.08.04"]
[Round "4.43"]
[White "Lacrosse, M."]
[Black "Van der Klis, Dick"]
[Result "1-0"]
[WhiteElo "2174"]
[BlackElo "1941"]
[PlyCount "63"]
[EventDate "2014.08.02"]
[EventType "swiss"]
[EventRounds "9"]
[EventCountry "NED"]
[Source "Mark Crowther"]
[SourceDate "2014.08.11"]

1. d4 d5 2. c4 dxc4 3. Nf3 Nf6 4. e3 e6 5. Bxc4 c5 6. Qe2 a6 7. dxc5 Bxc5 8.
O-O O-O 9. e4 Nc6 10. e5 Ng4 11. h3 Nxf2 12. Rxf2 Qb6 13. Nc3 Nd4 14. Nxd4 Bxd4
15. Bg5 Bxf2+ 16. Qxf2 Qxf2+ 17. Kxf2 b5 18. Bd3 f6 19. exf6 Bb7 20. Re1 h6 21.
Bh4 g5 22. Bg3 Rxf6+ 23. Kg1 Rd8 24. Re3 Rc8 25. a3 Bd5 26. Be5 Rff8 27. Rg3
Bc4 28. Be4 Rf1+ 29. Kh2 Bd5 30. Nxd5 exd5 31. Bxd5+ Kf8 32. Bc3 1-0

[Event "18th HZ Open 2014"]
[Site "Vlissingen NED"]
[Date "2014.08.04"]
[Round "4.44"]
[White "Schouten, Jordy"]
[Black "Stolwijk, Colin"]
[Result "1/2-1/2"]
[WhiteElo "1984"]
[BlackElo "2164"]
[PlyCount "115"]
[EventDate "2014.08.02"]
[EventType "swiss"]
[EventRounds "9"]
[EventCountry "NED"]
[Source "Mark Crowther"]
[SourceDate "2014.08.11"]

1. e4 c6 2. d4 d5 3. Nc3 dxe4 4. Nxe4 Nf6 5. Nxf6+ gxf6 6. c3 Bf5 7. Nf3 e6 8.
Bf4 Bd6 9. Qd2 Qc7 10. Bxd6 Qxd6 11. Bd3 Bxd3 12. Qxd3 Nd7 13. O-O-O O-O-O 14.
g3 Qd5 15. Kb1 Ne5 16. Nxe5 fxe5 17. Rhe1 exd4 18. cxd4 Qh5 19. Re5 Qg6 20. Kc2
Rd6 21. Kc3 f6 22. Ra5 Kb8 23. f4 b6 24. Ra4 c5 25. Qa6 Qg7 26. Re1 Rc8 27.
dxc5 Rxc5+ 28. Rc4 Rxc4+ 29. Qxc4 Qd7 30. Qe4 Qb5 31. Kc2 h5 32. Kb1 Rd2 33. b3
Rxh2 34. Qd4 Qf5+ 35. Re4 e5 36. Qd8+ Kb7 37. Qd5+ Kc7 38. Kc1 Rh1+ 39. Kb2
Rh2+ 40. Kc1 b5 41. Qc5+ Kd7 42. Qxb5+ Ke7 43. Qb7+ Qd7 44. Qxd7+ Kxd7 45. fxe5
fxe5 46. Rxe5 Rxa2 47. Rxh5 Rg2 48. Rg5 Ke6 49. Rg7 Kf6 50. Rxa7 Rxg3 51. Kb2
Ke6 52. Rc7 Kd6 53. Rc1 Rg5 54. Rc3 Rc5 55. Rh3 Kc6 56. b4 Rg5 57. Kb3 Kb5 58.
Rc3 1/2-1/2

[Event "18th HZ Open 2014"]
[Site "Vlissingen NED"]
[Date "2014.08.04"]
[Round "4.45"]
[White "Van den Berg, K."]
[Black "Stange, S."]
[Result "0-1"]
[WhiteElo "1984"]
[BlackElo "2137"]
[PlyCount "98"]
[EventDate "2014.08.02"]
[EventType "swiss"]
[EventRounds "9"]
[EventCountry "NED"]
[Source "Mark Crowther"]
[SourceDate "2014.08.11"]

1. e4 c5 2. f4 d5 3. e5 Nc6 4. Nf3 Bg4 5. Be2 e6 6. O-O Nge7 7. c3 Nf5 8. Na3
h5 9. Nc2 d4 10. cxd4 cxd4 11. d3 Rc8 12. Ng5 Bxe2 13. Qxe2 Qc7 14. Rf2 Nce7
15. Ne4 Nd5 16. Ng3 Nxg3 17. hxg3 Bc5 18. f5 exf5 19. Rxf5 g6 20. Rf3 Qd7 21.
Qe4 Ne7 22. Bg5 Qd5 23. Qxd5 Nxd5 24. Re1 Nc7 25. Ref1 Ne6 26. Bd2 Rc7 27. Nb4
Rd7 28. a4 O-O 29. a5 a6 30. Rc1 Re8 31. Rc4 Bf8 32. g4 hxg4 33. Rg3 Bg7 34.
Rxg4 Bxe5 35. Re4 Bg7 36. Bf4 f5 37. Re1 Kf7 38. Bg3 Bh6 39. Bf2 Bd2 40. Re2
Bxb4 41. Rxb4 Rc8 42. Rc4 Rxc4 43. dxc4 d3 44. Rd2 Ng5 45. Kf1 Ne4 46. Rd1 Ke6
47. Be3 g5 48. Ke1 Ke5 49. Bd2 Rh7 0-1

[Event "18th HZ Open 2014"]
[Site "Vlissingen NED"]
[Date "2014.08.04"]
[Round "4.46"]
[White "Gieben, Stijn"]
[Black "Polster, Christian"]
[Result "1-0"]
[WhiteElo "2134"]
[BlackElo "1772"]
[PlyCount "59"]
[EventDate "2014.08.02"]
[EventType "swiss"]
[EventRounds "9"]
[EventCountry "NED"]
[Source "Mark Crowther"]
[SourceDate "2014.08.11"]

1. e4 d6 2. d4 Nf6 3. Nc3 g6 4. f3 Bg7 5. Be3 c6 6. a4 a5 7. Qd2 Qc7 8. Bc4 Na6
9. Nge2 Nb4 10. O-O O-O 11. Rfe1 Be6 12. Bxe6 fxe6 13. Nb1 Rad8 14. Na3 Nd7 15.
c3 Na6 16. Nf4 Rf6 17. Nd3 e5 18. d5 Ndc5 19. Nxc5 dxc5 20. Bg5 Rf7 21. Nc4 Rd7
22. Red1 Bf6 23. Bh6 Bg7 24. Bxg7 Rxg7 25. Qg5 b6 26. Nxe5 h6 27. Qg3 Rd6 28.
Nxc6 Nb8 29. Nxb8 Qxb8 30. c4 1-0

[Event "18th HZ Open 2014"]
[Site "Vlissingen NED"]
[Date "2014.08.04"]
[Round "4.48"]
[White "Huijzer, Ja"]
[Black "De Wilde, R."]
[Result "0-1"]
[WhiteElo "1969"]
[BlackElo "2101"]
[PlyCount "78"]
[EventDate "2014.08.02"]
[EventType "swiss"]
[EventRounds "9"]
[EventCountry "NED"]
[Source "Mark Crowther"]
[SourceDate "2014.08.11"]

1. e4 e6 2. d4 d5 3. Nd2 Nf6 4. e5 Nfd7 5. Bd3 c5 6. c3 Nc6 7. Ngf3 g6 8. O-O
Bg7 9. b3 O-O 10. Bb2 f6 11. exf6 Qxf6 12. Qe2 e5 13. dxe5 Ndxe5 14. Nxe5 Qxe5
15. Qxe5 Nxe5 16. Be2 Bf5 17. Nf3 Nd3 18. Bxd3 Bxd3 19. Rfe1 Rae8 20. Rad1 Be2
21. Rd2 Bxf3 22. Rxe8 Rxe8 23. gxf3 Re5 24. Kf1 Kf7 25. b4 c4 26. Bc1 Rh5 27.
Bb2 Ke6 28. Re2+ Re5 29. f4 Re4 30. f3 Rxe2 31. Kxe2 Kf5 32. Ke3 b5 33. h3 h5
34. a3 h4 35. Ba1 Bh6 36. Kd4 Kxf4 37. Kxd5 Kg3 38. Kc5 Kxh3 39. Kxb5 Kg3 0-1

[Event "18th HZ Open 2014"]
[Site "Vlissingen NED"]
[Date "2014.08.04"]
[Round "4.49"]
[White "Verkimpe, M."]
[Black "Ducarmon, R."]
[Result "0-1"]
[WhiteElo "1925"]
[BlackElo "2099"]
[PlyCount "63"]
[EventDate "2014.08.02"]
[EventType "swiss"]
[EventRounds "9"]
[EventCountry "NED"]
[Source "Mark Crowther"]
[SourceDate "2014.08.11"]

1. e4 c5 2. Nc3 Nc6 3. f4 g6 4. Nf3 Bg7 5. Bb5 Nd4 6. O-O Nxb5 7. Nxb5 d5 8.
exd5 a6 9. Nc3 Nf6 10. d4 c4 11. Qe2 Nxd5 12. Qxc4 Be6 13. Nxd5 Bxd5 14. Qd3
Bxf3 15. Qxf3 Qxd4+ 16. Kh1 Qc4 17. c3 O-O-O 18. Be3 Rd3 19. Rae1 e6 20. b3 Qd5
21. Qxd5 exd5 22. Bd4 Bxd4 23. cxd4 Rxd4 24. Re7 Re4 25. Rc1+ Kb8 26. Rxf7 Rc8
27. Rd1 d4 28. g3 Re2 29. Rxh7 Rcc2 30. Rd7 Rxh2+ 31. Kg1 Rcg2+ 32. Kf1 0-1

[Event "18th HZ Open 2014"]
[Site "Vlissingen NED"]
[Date "2014.08.04"]
[Round "4.50"]
[White "Erwich, Frank"]
[Black "Rogmans, J."]
[Result "1-0"]
[WhiteElo "2328"]
[BlackElo "1899"]
[PlyCount "71"]
[EventDate "2014.08.02"]
[EventType "swiss"]
[EventRounds "9"]
[EventCountry "NED"]
[Source "Mark Crowther"]
[SourceDate "2014.08.11"]

1. e4 g6 2. d4 Bg7 3. Nc3 c5 4. dxc5 Bxc3+ 5. bxc3 Qa5 6. Qd4 Nf6 7. Qb4 Nc6 8.
Qxa5 Nxa5 9. Bd3 O-O 10. Ba3 Re8 11. Ne2 b6 12. O-O Nb7 13. cxb6 axb6 14. Bb4
Ng4 15. Bb5 Nc5 16. Rfd1 Rd8 17. a4 d6 18. h3 Ne5 19. f4 Ned7 20. e5 dxe5 21.
Bxc5 bxc5 22. fxe5 Ba6 23. e6 fxe6 24. c4 Ra7 25. Ra3 Bxb5 26. cxb5 Re8 27. a5
Nb6 28. a6 Rf8 29. Re3 Rf6 30. Rd8+ Kf7 31. Nc3 Rf4 32. Ne4 Rf5 33. Rb8 Nc4 34.
Rc3 Nd6 35. Nxd6+ exd6 36. Rb7+ 1-0

[Event "18th HZ Open 2014"]
[Site "Vlissingen NED"]
[Date "2014.08.05"]
[Round "5.1"]
[White "Fedorchuk, S."]
[Black "Hausrath, D."]
[Result "1/2-1/2"]
[WhiteElo "2665"]
[BlackElo "2530"]
[PlyCount "135"]
[EventDate "2014.08.02"]
[EventType "swiss"]
[EventRounds "9"]
[EventCountry "NED"]
[Source "Mark Crowther"]
[SourceDate "2014.08.11"]

1. e4 d6 2. d4 Nf6 3. Nc3 e5 4. Nf3 Nbd7 5. Bc4 Be7 6. a4 O-O 7. O-O a6 8. h3
b6 9. Qe2 c6 10. Rd1 Qc7 11. Ba2 Bb7 12. Nh4 exd4 13. Rxd4 d5 14. exd5 Rae8 15.
Bf4 Qc8 16. Nf5 Bc5 17. Qd2 Ne5 18. Nxg7 Kxg7 19. Bh6+ Kh8 20. Bxf8 Rxf8 21.
Qf4 Ned7 22. Rd3 cxd5 23. b4 d4 24. bxc5 dxc3 25. Rd6 Ne4 26. Bxf7 Rxf7 27.
Qxf7 Nxd6 28. cxd6 Qg8 29. Qxg8+ Kxg8 30. a5 bxa5 31. Rxa5 Kf7 32. Ra3 Ke6 33.
Rxc3 Kxd6 34. g4 Nc5 35. Ra3 Be4 36. Ra2 Bd5 37. Ra1 Be4 38. c3 Kc6 39. f4 Kb5
40. f5 a5 41. f6 Bg6 42. Re1 a4 43. Re7 a3 44. Ra7 Na4 45. Rb7+ Ka5 46. f7 Bxf7
47. Rxf7 a2 48. Rf5+ Kb6 49. Rf1 Nxc3 50. Ra1 Kc5 51. Kf2 Kc4 52. Kf3 Kb3 53.
g5 Kb2 54. Rxa2+ Kxa2 55. h4 Kb3 56. h5 Nd5 57. Ke4 Kc4 58. Ke5 Ne7 59. Kf6
Nd5+ 60. Kg7 Nf4 61. h6 Ne6+ 62. Kf6 Nxg5 63. Kxg5 Kd5 64. Kf6 Kd6 65. Kg7 Ke7
66. Kxh7 Kf7 67. Kh8 Kf8 68. h7 1/2-1/2

[Event "18th HZ Open 2014"]
[Site "Vlissingen NED"]
[Date "2014.08.05"]
[Round "5.2"]
[White "Ikonnikov, Vy"]
[Black "Krasenkow, M."]
[Result "1/2-1/2"]
[WhiteElo "2551"]
[BlackElo "2628"]
[PlyCount "81"]
[EventDate "2014.08.02"]
[EventType "swiss"]
[EventRounds "9"]
[EventCountry "NED"]
[Source "Mark Crowther"]
[SourceDate "2014.08.11"]

1. d4 d5 2. Nf3 c6 3. c4 e6 4. Nbd2 f5 5. g3 Nf6 6. Bg2 Bd6 7. O-O Nbd7 8. Qc2
O-O 9. Nb3 Qe7 10. Bf4 Bxf4 11. gxf4 b6 12. cxd5 cxd5 13. Nc1 Ne4 14. Qa4 a5
15. Nd3 Ba6 16. Qd1 Rac8 17. a3 Rc7 18. Rc1 Rfc8 19. Rxc7 Rxc7 20. e3 g5 21.
fxg5 Nxg5 22. Nxg5 Qxg5 23. f4 Qh4 24. Rf3 Bxd3 25. Qxd3 Nf6 26. Rg3+ Ng4 27.
Bh3 h5 28. Qd2 Qd8 29. Bf1 Kf7 30. Rg2 Qc8 31. h3 Nf6 32. Qf2 Rc1 33. Kh2 Ne4
34. Qf3 Ke7 35. Bd3 Kd6 36. Qxh5 Re1 37. Rc2 Qg8 38. Rg2 Qc8 39. Rc2 Qg8 40.
Rg2 Qc8 41. Rc2 1/2-1/2

[Event "18th HZ Open 2014"]
[Site "Vlissingen NED"]
[Date "2014.08.05"]
[Round "5.3"]
[White "Ernst, S."]
[Black "Semcesen, D."]
[Result "1-0"]
[WhiteElo "2566"]
[BlackElo "2489"]
[PlyCount "61"]
[EventDate "2014.08.02"]
[EventType "swiss"]
[EventRounds "9"]
[EventCountry "NED"]
[Source "Mark Crowther"]
[SourceDate "2014.08.11"]

1. Nf3 f5 2. d3 d5 3. c4 e6 4. g3 Nf6 5. Bg2 Be7 6. O-O O-O 7. b3 Nc6 8. Bb2 a5
9. Nc3 Kh8 10. e3 Bd7 11. Rc1 Be8 12. Ne2 Qd7 13. Nf4 Bf7 14. Ng5 Bg8 15. Ngxe6
Bxe6 16. Bxf6 Rxf6 17. cxd5 Bf7 18. dxc6 bxc6 19. d4 Ba3 20. Rc3 Ra6 21. Nd3
Qe7 22. Qc2 Be8 23. Rd1 h6 24. Qe2 Rb6 25. Ne5 c5 26. Nc4 cxd4 27. Rxd4 Bb5 28.
Qc2 Bxc4 29. Rcxc4 c5 30. Rd5 g6 31. Ra4 1-0

[Event "18th HZ Open 2014"]
[Site "Vlissingen NED"]
[Date "2014.08.05"]
[Round "5.4"]
[White "De Jong, M."]
[Black "Bu Xiangzhi"]
[Result "0-1"]
[WhiteElo "2345"]
[BlackElo "2707"]
[PlyCount "76"]
[EventDate "2014.08.02"]
[EventType "swiss"]
[EventRounds "9"]
[EventCountry "NED"]
[Source "Mark Crowther"]
[SourceDate "2014.08.11"]

1. e4 c5 2. Nf3 Nc6 3. d4 cxd4 4. Nxd4 Nf6 5. Nc3 g6 6. Nxc6 bxc6 7. e5 Ng8 8.
Bc4 Qa5 9. Bf4 Bg7 10. O-O Bxe5 11. Bxe5 Qxe5 12. Re1 Qf5 13. Qd4 Qf6 14. Qc5
Kf8 15. Re3 d5 16. Rf3 Bf5 17. Ba6 Rb8 18. g4 Qg5 19. Rg3 Be6 20. Rf1 Nf6 21.
Be2 Qf4 22. g5 Nd7 23. Qxc6 Ne5 24. Qc5 Rxb2 25. Nb5 h6 26. Nd4 Bd7 27. Qxd5
hxg5 28. Re1 g4 29. Bf1 Rxc2 30. Re2 Rxe2 31. Bxe2 Kg7 32. Qc5 Rc8 33. Qxa7
Rc1+ 34. Bf1 Rd1 35. Ne2 Nf3+ 36. Kg2 Qh6 37. h3 gxh3+ 38. Kxf3 Bc6+ 0-1

[Event "18th HZ Open 2014"]
[Site "Vlissingen NED"]
[Date "2014.08.05"]
[Round "5.5"]
[White "Timmermans, M."]
[Black "Van den Doel, E."]
[Result "1/2-1/2"]
[WhiteElo "2320"]
[BlackElo "2554"]
[PlyCount "90"]
[EventDate "2014.08.02"]
[EventType "swiss"]
[EventRounds "9"]
[EventCountry "NED"]
[Source "Mark Crowther"]
[SourceDate "2014.08.11"]

1. e4 c5 2. Nf3 d6 3. d4 cxd4 4. Nxd4 Nf6 5. f3 e5 6. Nb3 Nc6 7. c4 a5 8. Be3
Be7 9. Nc3 a4 10. Nc1 Qa5 11. Qd2 Bd8 12. Nb5 Ke7 13. Nd3 Be6 14. Rc1 Qxd2+ 15.
Bxd2 Ba5 16. b4 axb3 17. axb3 Bxd2+ 18. Kxd2 Ra2+ 19. Rc2 Rha8 20. Be2 Nd7 21.
Nc1 Rxc2+ 22. Kxc2 Nb4+ 23. Kb2 Nc5 24. Rd1 Ra6 25. Bf1 Rc6 26. Rd2 g6 27. Kc3
Nba6 28. Na2 f5 29. Na7 Rc7 30. exf5 gxf5 31. Kb2 b6 32. Nb5 Rd7 33. Nac3 Nc7
34. Nxc7 Rxc7 35. Rd1 Nb7 36. Bd3 Rc8 37. Ra1 Na5 38. Na4 Rb8 39. Nxb6 Nxb3 40.
Ra7+ Kf6 41. Kxb3 Rxb6+ 42. Kc3 h6 43. Rh7 Kg6 44. Re7 Kf6 45. Rh7 Kg6 1/2-1/2

[Event "18th HZ Open 2014"]
[Site "Vlissingen NED"]
[Date "2014.08.05"]
[Round "5.6"]
[White "Afek, Y."]
[Black "Romanishin, O."]
[Result "1/2-1/2"]
[WhiteElo "2282"]
[BlackElo "2509"]
[PlyCount "94"]
[EventDate "2014.08.02"]
[EventType "swiss"]
[EventRounds "9"]
[EventCountry "NED"]
[Source "Mark Crowther"]
[SourceDate "2014.08.11"]

1. e4 e5 2. Nf3 Nc6 3. d4 exd4 4. Nxd4 Bc5 5. Be3 Qf6 6. c3 Qg6 7. Qf3 Ne5 8.
Qf4 Bd6 9. Qg5 a6 10. Be2 Qxg5 11. Bxg5 Bc5 12. Nd2 d6 13. O-O h6 14. Bh4 Ng6
15. Bg3 Nf6 16. f4 O-O 17. h3 Re8 18. Bf3 Nd7 19. Kh1 Ba7 20. b4 Ne7 21. a3 Nf8
22. Rae1 Bd7 23. N2b3 Ba4 24. Na5 Rab8 25. Bf2 Bxd4 26. cxd4 b6 27. Nc4 Bb5 28.
Rc1 f5 29. d5 fxe4 30. Bxe4 Neg6 31. Rfe1 Nxf4 32. Nb2 Ne2 33. Rc2 Rxe4 34. a4
Rbe8 35. axb5 axb5 36. Rxc7 Ng3+ 37. Bxg3 Rxe1+ 38. Bxe1 Rxe1+ 39. Kh2 Re5 40.
Nd1 Rxd5 41. Nc3 Rd4 42. Nxb5 Rxb4 43. Nxd6 Ne6 44. Re7 Nf4 45. Nf5 Kf8 46.
Rxg7 Rb5 47. Rf7+ Kxf7 1/2-1/2

[Event "18th HZ Open 2014"]
[Site "Vlissingen NED"]
[Date "2014.08.05"]
[Round "5.7"]
[White "Venkatesh, M."]
[Black "Senders, Mischa"]
[Result "1-0"]
[WhiteElo "2503"]
[BlackElo "2223"]
[PlyCount "95"]
[EventDate "2014.08.02"]
[EventType "swiss"]
[EventRounds "9"]
[EventCountry "NED"]
[Source "Mark Crowther"]
[SourceDate "2014.08.11"]

1. e4 c5 2. Nf3 d6 3. Bb5+ Nd7 4. d4 cxd4 5. Qxd4 a6 6. Bxd7+ Bxd7 7. Nc3 e5 8.
Qd3 h6 9. Nd2 Rc8 10. Nc4 Qc7 11. Ne3 Nf6 12. O-O Be7 13. Bd2 Qc5 14. Rfd1 Be6
15. Be1 O-O 16. a4 Rfd8 17. a5 Qc6 18. b3 Bf8 19. f3 Rd7 20. Kh1 Nh5 21. Qd2
Be7 22. Na4 Rf8 23. Nb6 Rdd8 24. g4 Nf4 25. Bg3 Ng6 26. Nf5 Bg5 27. Qd3 Kh8 28.
c4 Bxf5 29. gxf5 Ne7 30. Ra2 g6 31. Nd5 Nxd5 32. Qxd5 gxf5 33. exf5 Qxd5 34.
Rxd5 Be3 35. Bh4 Rg8 36. Bf6+ Kh7 37. Ra1 Bd4 38. Rd1 Rc8 39. Rxd6 Rc6 40. Rxc6
bxc6 41. f4 Rg4 42. Bxe5 Bxe5 43. fxe5 Re4 44. Rd7 Rxe5 45. Rxf7+ Kg8 46. Rf6
Re3 47. Rxc6 Rxb3 48. Rxa6 1-0